书目信息 |
| 题名: |
居住空间室内设计
|
|
| 作者: | 高光 主编 | |
| 分册: | ||
| 出版信息: | 北京 化学工业出版社 2014.10 |
|
| 页数: | 130页 | |
| 开本: | 26cm | |
| 丛书名: | ||
| 单 册: | ||
| 中图分类: | TU241.02 | |
| 科图分类: | ||
| 主题词: | 住宅--zhu zhai--室内装饰设计--职业教育--教材 | |
| 电子资源: | ||
| ISBN: | 978-7-122-20593-3 | |
| 000 | 01107nam0 2200277 450 | |
| 001 | CAL 0120141380864 | |
| 005 | 20150817145245.79 | |
| 010 | @a978-7-122-20593-3@dCNY35.00 | |
| 100 | @a20140904d2014 em y0chiy50 ea | |
| 101 | 0 | @achi |
| 102 | @aCN@b110000 | |
| 105 | @aa a 000yy | |
| 106 | @ar | |
| 200 | 1 | @a居住空间室内设计@Aju zhu kong jian shi nei she ji@d= Residential interior, design@f高光主编@zeng |
| 210 | @a北京@c化学工业出版社@d2014.10 | |
| 215 | @a130页@c图@d26cm | |
| 320 | @a有书目 (第130页) | |
| 330 | @a本书共五章, 第一至第三章涵盖了居住空间的内涵与类型、生活行为学与居住空间室内设计、居住空间室内设计概论与发展趋势等内容, 第四章为居住空间室内设计项目案例解析, 能让学生切实体验室内设计师的工作过程, 掌握工作内容及方法, 第五章对该课程的知识、技能、学习方法进行了总结。 | |
| 333 | @a“十二五”职业教育国家规划教材 | |
| 510 | 1 | @aResidential interior, design@zeng |
| 586 | @a | |
| 606 | 0 | @a住宅@Azhu zhai@x室内装饰设计@x职业教育@j教材 |
| 690 | @aTU241.02@v5 | |
| 701 | 0 | @a高光@Agao guang@4主编 |
| 801 | 0 | @aCN@c20150820 |
| 905 | @a河南城建学院图书馆@dTU241.02@eG132@f3 | |
| 居住空间室内设计= Residential interior, design/高光主编.-北京:化学工业出版社,2014.10 |
| 130页:图;26cm |
| 使用对象:“十二五”职业教育国家规划教材 |
| ISBN 978-7-122-20593-3:CNY35.00 |
| 本书共五章, 第一至第三章涵盖了居住空间的内涵与类型、生活行为学与居住空间室内设计、居住空间室内设计概论与发展趋势等内容, 第四章为居住空间室内设计项目案例解析, 能让学生切实体验室内设计师的工作过程, 掌握工作内容及方法, 第五章对该课程的知识、技能、学习方法进行了总结。 |
| ● |
| 相关链接 |
|
|
|
正题名:居住空间室内设计
索取号:TU241.02/G132
 
预约/预借
| 序号 | 登录号 | 条形码 | 馆藏地/架位号 | 状态 | 备注 |
| 1 | 1165620 | 211656206 | 建筑库101/101建筑库 63排1列2层/ [索取号:TU241.02/G132] | 在馆 | |
| 2 | 1165621 | 211656215 | 建筑库101/101建筑库 63排1列2层/ [索取号:TU241.02/G132] | 在馆 | |
| 3 | 1165622 | 211656224 | 建筑库101/101建筑库 63排1列2层/ [索取号:TU241.02/G132] | 在馆 |